000 00839cam a22002175a 4500
001 E144382
008 080715s2008 xxk f 000 0 eng d
035 _a(Sirsi) u144382
041 0 _aeng
050 0 4 _a658.404 $2 18
110 2 _aRoyal Institution of Chartered Surveyors
_94900
245 0 0 _aCDM co-ordinator services
260 _aCoventry
_bRICS
_c2008
300 _a[6]p.
_c30cm
490 _aRICS Standard Form
520 _aRICS Consultancy form of appointment. For use with the RICS standard form of consultant's appointment and the RICS short form of consultant's appointment. Provides the list of core services and supplementary services to be provided by a CDM Co-ordinator as part of a project.
521 _aAdvanced
651 4 _aEngland and Wales
_y1543-
690 _aProject management
_96261
942 _n0
_2ddc
999 _c108485
_d108485